Aula da paixão 2008 (Record no. 50880)

MARC details
000 -LÍDER
campo de controle de tamanho fixo 00250 a2200109 4500
001 - NÚMERO DE CONTROLE
campo de controle 50880
040 ## - FONTE DA CATALOGAÇÃO
Instituição que transcreveu o registro Anchieta - Pituba
240 10 - TÍTULO UNIFORME
Título uniforme Aula da paixão 2008
Idioma da obra
245 10 - TÍTULO
Título Aula da paixão 2008
650 #4 - ASSUNTO--TERMO TÓPICO
Cabeçalho tópico ou nome geográfico Línguas espanhola e portuguesa
942 ## - ELEMENTOS DE ENTRADA ADICIONADOS (KOHA)
Tipo de material Koha Materiais mixtos
Holdings
Situação do descarte Situação das perdas Situação física Não pode ser emprestado Biblioteca de origem Biblioteca atual Data de aquisição Total de empréstimos Número de chamada completo Código de barras Data de último acesso Data do preço efetivo Tipo de material Koha
        Colégio Anchieta - Pituba Colégio Anchieta - Pituba 21/11/2023   460 C695 AUL 252/PIT 21/11/2023 21/11/2023 Materiais mixtos